Dinh dưỡng động vật Bài giảng
.
Đã lưu trong:
| Tác giả chính: | |
|---|---|
| Định dạng: | Sách |
| Năm xuất bản: |
Quảng Bình
Đại học Quảng Bình
2007
|
| Chủ đề: | |
| Tags: |
Thêm thẻ
Không có thẻ, Hãy là người đầu tiên gắn thẻ bản ghi này!
|
| LEADER | 00623nam a2200181 4500 | ||
|---|---|---|---|
| 999 | |c 14033 |d 14033 | ||
| 082 | |a 636.0852 |b NG527TH | ||
| 100 | |a Nguyễn Thị Thanh Thùy | ||
| 245 | |a Dinh dưỡng động vật |b Bài giảng |c Nguyễn Thị Thanh Thùy | ||
| 260 | |a Quảng Bình |b Đại học Quảng Bình |c 2007 | ||
| 300 | |a 106tr. |c 30cm | ||
| 520 | |a . | ||
| 653 | |a Chăn nuôi | ||
| 653 | |a Dinh dưỡng | ||
| 653 | |a Động vật | ||
| 653 | |a Bài giảng | ||
| 942 | |2 ddc |c TC | ||
| 952 | |0 0 |1 0 |2 ddc |4 0 |6 636_085200000000000_NG527TH |7 0 |9 110959 |a qbu |b qbu |c D1 |d 2017-06-14 |o 636.0852 NG527TH |p BG210.C1 |r 2017-06-14 |w 2017-06-14 |y TC | ||